006420000a22001810004500003001100000005001700011008004100028020001500069040003900084041000800123082001800131110003500149245005800184260005300242300003000295500011300325650002200438LK-CoMWRAF20231211115257.0230817t2005 ||||| |||| 00| 0 eng d a9628314262 aLK-CoMWRAFdLK-CoMWRAFeLK-CoMWRAF aeng a323.095 bASI a Asian Human Rights Commission aThe State of Human Rights in Ten Asian Nations - 2005 aHong Kong:bAsian Human Rights Commission,c2005 ax, 169 p. : ill. ; 23 cm. aIncludes Thailand, India, Nepal, Sri Lanka, Bangladesh, Burma, Philippines, Cambodia, South Korea, Indonesia aHUMAN RIGHTS-Asia